000 02464nam a2200409 i 4500
001 196162
003 ES-MaACL
005 20250708182627.0
008 240816s2022 sp a | |||| 000 0 spa
015 _aMON22
017 _aMA 736-2022
_bOficina Depósito Legal Málaga
020 _a9788418492198
035 _a(SpMaBN)a7187958
035 _a991045600239708606
040 _aSpMaBN
_bspa
_cSpMaBN
_erda
080 _a165.7"19/20"
080 _a608.1
100 _aDomínguez, J. J.,
_d1972-
_9238406
_eaut
245 1 0 _aDe humanos a ciborgs :
_blos límites del mejoramiento humano /
_cJ.J. Domínguez.
250 _aPrimera edición, mayo de 2022
264 1 _aMálaga :
_bÚltima Línea,
_c[2022].
264 4 _c©2022
300 _a352 páginas :
_bilustraciones (blanco y negro y color) ;
_c23 cm.
336 _aTexto
_2rdacontent
337 _asin mediación
_2rdamedia
338 _avolumen
_2rdacarrier
490 1 _aÚltima Línea de ensayo
504 _aBibliografía: páginas 327-352
520 _aEl transhumanismo es un movimiento cultural, intelectual y científico que afirma el deber moral de mejorar las capacidades físicas y cognitivas de la especie humana, y de aplicar al ser humano las nuevas tecnologías, para que se puedan eliminar aspectos no deseados de la condición humana, como son: el sufrimiento, la enfermedad, el envejecimiento y hasta la condición mortal. La aplicación en la medicina actual de las nuevas tecnologías convergentes æNBICÆ (Nanotecnología, Biotecnología, Inteligencia Artificial y Cognociencias) propicia el concepto de æHuman EnhacementÆ(Mejoramiento Humano) que propugna la modificación de la información genética del ser humano y la hibridación con las máquinas, no solamente con el fin de librarnos de aquello que se supone negativo, es decir, las deficiencias y enfermedades, sino también de optimizar nuestras capacidades físcas e intelectuales, e incluso dar paso a una mueva especia "mejorada, el "posthumano".
650 0 _aTranshumanismo
_9238407
650 4 _aBiotecnología-
_xAspectos morales
_910594
852 _aES-MaACL
_cDEPOJ
_jN-9230
_hDonación: Editorial
_xEncuadernación rústica con solapas
_9205191
942 _cMONOGRAFIA
_n0
999 _c196162
_d196162